Vollstandige Anleitung Zur Algebra; 1-2

Xehetasun bibliografikoak
Egile nagusia: Euler L. Leonhard
Hizkuntza:alemana
Argitaratua: Leipzig, Philipp Reclam Jun., 1770
Edizioa:Neue ausgebe
Gaiak:
Formatua: Liburua
KOHA link:https://koha.lib.tpu.ru/cgi-bin/koha/opac-detail.pl?biblionumber=349877

MARC

LEADER 00000nam0a2200000 4500
001 349877
005 20231102010239.0
035 |a (RuTPU)RU\TPU\retro\2988 
090 |a 349877 
100 |a 20180920d1770 k y0gery50 ba 
101 0 |a ger 
102 |a DE 
105 |a a z 000zy 
200 1 |a Vollstandige Anleitung Zur Algebra  |h 1-2 
205 |a Neue ausgebe 
210 |a Leipzig  |c Philipp Reclam Jun.  |d 1770 
215 |a 527 с. 
606 |a Алгебра  |2 stltpush  |3 (RuTPU)RU\TPU\subj\1723  |9 30429 
610 1 |a алгебраические вычисления 
610 1 |a теория функций 
610 1 |a пропорции 
675 |a 512  |v 4 
700 1 |a Euler  |b L.  |g Leonhard 
801 1 |a RU  |b 63413507  |c 20180920 
801 2 |a RU  |b 63413507  |c 20180920  |g RCR 
942 |c BK